Man Of The Year - Lorde - All Lyrics - Statistics

General Stats
  • This quiz has been taken 31 times
  • The average score is 153 of 205
Answer Stats
Answer % Correct
the
100%
a
94%
he
94%
hear
94%
Hear
94%
I
94%
man
94%
of
94%
Oh,
94%
oh
94%
Uh-uh
94%
uh-uh
94%
Uh-uh-uh
94%
year,
94%
year
94%
for
89%
it
89%
my
89%
My
89%
to
89%
in
83%
Let
83%
Let's
83%
Like
83%
like
83%
appear
78%
go
78%
I'm
78%
me
78%
through
78%
who
78%
You
78%
down
72%
gon'
72%
love
72%
Love
72%
on
72%
that
72%
this?
72%
this
72%
Who's
72%
and
67%
at
67%
bike,
67%
by
67%
day,
67%
didn't
67%
ego
67%
face
67%
Gliding
67%
gliding
67%
he'd
67%
hope
67%
life
67%
light,
67%
met
67%
really
67%
strange
67%
think
67%
time
67%
'bout
61%
broken
61%
could
61%
cut
61%
Days
61%
else
61%
flow
61%
I've
61%
more
61%
Now
61%
off
61%
recent
61%
shoulders,
61%
up
61%
become
56%
believe
56%
can't
56%
chain,
56%
cord
56%
death
56%
give
56%
gold
56%
jerk
56%
lightness?
56%
myself
56%
remembered
56%
someone
56%
Someone
56%
any
50%
babe
50%
from
50%
haze,
50%
How
50%
open
50%
sleep
50%
stay
50%
want
50%
way
50%
Way
50%
knife
44%
mouthwash,
44%
music
44%
Playing
44%
riding
44%
Take
44%
late
39%
new
39%
overnight,
39%
sweet
39%
Swish
39%
violent,
39%
wave
39%
sing
28%
Sirens
28%
No matching quizzes found
Score Distribution
Percent of People with Each Score
Percentile by Number Answered
Your Score History
You have not taken this quiz